The Lower Maeander flood plain : a regional settlement study /

Bibliographic Details
Main Author: Marchese, Ronald T.
Format: Book
Language:English
Published: Oxford, England : B.A.R., 1986.
Series:BAR international series ; 292 (i-ii)
Subjects:

MARC

Tag First Indicator Second Indicator Subfields
LEADER 00000cam a2200000 a 4500
001 in00000011826
005 20151007051713.0
008 860827s1986 enka b 00110 eng
010 |a  86198575  
020 |a 0860543749 (pbk.) 
035 |a (OCoLC)14218782 
035 |9 AAA4372AM 
040 |a DLC  |c DLC  |d TXA  |d UtOrBLW 
043 |a a-tu--- 
049 |a TXAM  |d [  |v = pt.]  |v 1 [A11027915]  |v 2 [A11027868] 
050 0 0 |a DS156.B85  |b M37 1986 
082 0 |a 939/.24  |2 19 
100 1 |a Marchese, Ronald T. 
245 1 4 |a The Lower Maeander flood plain :  |b a regional settlement study /  |c Ronald T. Marchese. 
264 1 |a Oxford, England :  |b B.A.R.,  |c 1986. 
300 |a 2 volumes :  |b illustrations ;  |c 30 cm. 
336 |a text  |b txt  |2 rdacontent 
337 |a unmediated  |b n  |2 rdamedia 
338 |a volume  |b nc  |2 rdacarrier 
490 1 |a BAR international series ;  |v 292 (i-ii) 
504 |a Bibliography: pt. i, pages 331-332. 
500 |a Includes indexes. 
651 0 |a Büyük Menderes River Valley (Turkey)  |x History. 
650 0 |a Cities and towns, Ancient  |z Turkey  |z Büyük Menderes River Valley  |x History. 
651 0 |a Büyük Menderes River Valley (Turkey)  |x Antiquities. 
651 0 |a Turkey  |x Antiquities. 
830 0 |a BAR international series ;  |v 292 (i-ii) 
999 |a MARS 
999 f f |s 8ab1d83c-918a-36a9-b106-d4c67d4f10f9  |i b3a069b0-09a8-3a53-983c-c760cf0b6cb4  |t 0 
952 f f |p ric  |a Texas A&M University  |b Rellis Campus  |c Joint Library Facility  |d Remote Storage  |t 0  |e DS156.B85 M37 1986  |h Library of Congress classification  |i unmediated -- volume  |k pt.2  |m A14811027868 
952 f f |p ric  |a Texas A&M University  |b Rellis Campus  |c Joint Library Facility  |d Remote Storage  |t 0  |e DS156.B85 M37 1986  |h Library of Congress classification  |i unmediated -- volume  |k pt.1  |m A14811027915 
998 f f |a DS156.B85 M37 1986  |s pt.1  |t 0  |l Remote Storage 
998 f f |a DS156.B85 M37 1986  |s pt.2  |t 0  |l Remote Storage